Five Closest Countries by Country #3 - Statistics

General Stats
  • This quiz has been taken 121,486 times
    112,764 since last reset
  • The average score is 30 of 40
Answer Stats
Starting Country Answer % Correct
Denmark Sweden
97%
Denmark Germany
96%
Mongolia China
95%
Denmark Norway
95%
Mongolia Russia
95%
Yemen Oman
91%
Yemen Saudi Arabia
91%
Cuba United States
91%
Morocco Algeria
89%
Morocco Spain
85%
Cuba Haiti
84%
Cuba Jamaica
83%
Mongolia Kazakhstan
82%
Denmark Poland
81%
Cuba Bahamas
77%
Morocco Mauritania
77%
Mongolia North Korea
77%
Yemen Somalia
77%
Madagascar Mozambique
76%
Morocco United Kingdom
74%
Cuba Mexico
72%
Madagascar France
70%
Equatorial Guinea Rep. of the Congo
70%
Yemen Djibouti
69%
Yemen Eritrea
69%
Equatorial Guinea Cameroon
68%
Morocco Portugal
68%
Equatorial Guinea Gabon
67%
Madagascar Mauritius
67%
Madagascar Tanzania
67%
Denmark Canada
66%
Madagascar Comoros
65%
Palau Indonesia
62%
Mongolia Kyrgyzstan
62%
Palau F. S. Micronesia
60%
Palau Papua New Guinea
59%
Equatorial Guinea Nigeria
59%
Palau Philippines
54%
Equatorial Guinea São Tomé and Príncipe
50%
Palau Malaysia
45%
No matching quizzes found
Score Distribution
Percent of People with Each Score
Percentile by Number Answered
Your Score History
You have not taken this quiz since the last reset